|
|
|
|
| LEADER |
00799nam a2200229 a 4500 |
| 001 |
000023819 |
| 003 |
CZ BrMZK |
| 005 |
19950707143423.0 |
| 008 |
950707s1989 xr f cze d |
| 020 |
|
|
|a 80-04-25097-1
|
| 040 |
|
|
|a BOA001
|b cze
|
| 080 |
|
|
|a 372.893(075.2)
|2 MRF
|
| 100 |
1 |
|
|a Skladaný, Marián,
|d 1940-
|7 mzk2004229358
|
| 245 |
1 |
0 |
|a Dějepis pro 6. ročník základní školy :
|b období raného feudalismu : (Pomocný materiál) /
|c ..., Tomáš Jílek
|
| 250 |
|
|
|a 1.vyd.
|
| 260 |
|
|
|a Praha :
|b SPN,
|c 1989
|
| 300 |
|
|
|a 32 s.
|
| 700 |
1 |
|
|a Jílek, Tomáš,
|d 1934-2020
|7 jn20000401277
|
| 910 |
|
|
|a BOA001
|b PK-0110.373
|
| 964 |
|
|
|a Dějepis - učebnice - školy základní
|
| 990 |
|
|
|a BK
|
| 996 |
7 |
|
|b 3119998923
|c PK-0110.373
|l MZK
|r Sklad / do 1 hodiny
|n 1
|w 000023819
|u 000010
|a 1
|e BOA001
|j MZK50
|s A
|